Regional development in the European Economic Community.

Bibliographic Details
Main Author: Robertson, B. C.
Corporate Author: Political and Economic Planning (Think tank)
Format: Book
Language:English
Published: London : Political and Economic Planning; George Allen and Unwin, [1962]
Subjects:

MARC

Tag First Indicator Second Indicator Subfields
LEADER 00000cam a2200000 4500
001 in00000054584
005 20151008052049.0
008 771115s1962 enkb 00000 eng
010 |a  67058885  
035 |a (OCoLC)03421796 
035 |9 AAH1488AM 
040 |a DLC  |c ABC  |d TXA  |d UtOrBLW 
049 |a TXAM  |c [363968] 
050 0 0 |a HT395.E8  |b P6 
092 |a 337.914  |b R649r 
100 1 |a Robertson, B. C. 
245 1 0 |a Regional development in the European Economic Community. 
264 1 |a London :  |b Political and Economic Planning; George Allen and Unwin,  |c [1962] 
300 |a 95 pages :  |b maps. ;  |c 19 cm. 
336 |a text  |b txt  |2 rdacontent 
337 |a unmediated  |b n  |2 rdamedia 
338 |a volume  |b nc  |2 rdacarrier 
504 |a Bibliography: pages 86-90. 
610 2 0 |a European Economic Community. 
710 2 |a Political and Economic Planning (Think tank) 
999 |a MARS 
999 f f |s 5342151c-1149-38d4-a7e6-577c825cf9c7  |i ad4d6da5-80b3-39d7-9710-2598ac779fde  |t 0 
952 f f |p ric  |a Texas A&M University  |b Rellis Campus  |c Joint Library Facility  |d Remote Storage  |t 0  |e HT395.E8 P6  |h Library of Congress classification  |i unmediated -- volume  |m A14800753927 
998 f f |a HT395.E8 P6  |t 0  |l Remote Storage